000 01011nam a22001817a 4500
003 JO-AjAnu
005 20250923092449.0
008 250921b jo ||||| |||| 00| 0 ara d
040 _aanu
_cJO-AjAnu
041 _hara
100 _aروابدة، محمد جهاد محمود
_eمعد
_966639
245 _aالاستراتيجيات التدريسية المبنية على الأدلة التي يستخدمها المعلم المساند في تعليم مهارات القراءة والكتابة للطلبة ذوي صعوبات التعلم = Evidence-Based Teaching Strategies Used by the Support Teacher in Teaching Reading and Writing Skills to Students with Learning Disabilities
_c / اعداد محمد جهاد محمود روابده ؛ اشراف فيصل عيسى النواصرة
260 _c2025
300 _a86 ورقة
650 _vالقراءة والكتابة-صعوبات التعلم
700 _aالنواصرة، فيصل عيسى
_eمشرف
_966061
942 _2lcc
_cTHS
_n0
999 _c33968
_d33968